| 000 | 01878cad a22002535a 4500 | ||
|---|---|---|---|
| 001 | L160071 | ||
| 008 | 100415u20180410xxk g 000 0 eng d | ||
| 035 | _a(Sirsi) u160071 | ||
| 041 | 0 | _aeng | |
| 050 | 0 | 4 | _a711.1 $2 18 |
| 110 |
_aRoyal Institution of Chartered Surveyors _94900 |
||
| 245 | 0 | 4 | _aExtending permitted development rights in England: the implications for public authorities and communities |
| 260 |
_aLondon _bRICS _c2018 |
||
| 490 | 0 | _aRICS Research | |
| 490 | 0 | _aRICS Insight | |
| 520 | _aSummarises a research which assessed the extent, pattern and financial consequences of permitted development (PD) across England and also looked into office-to-residential PD in England (and, for comparison, in Scotland and the Netherlands). Five local authority (LA) case studies were examined (Camden, Croydon, Leeds, Leicester and Reading ? all local authorities with high rates of PD schemes) to gauge the extent of individual office-to-residential building schemes that have proceeded under PD and the implications on LA revenues, planning and local communities. The full findings of both research projects are published separately by the RICS Research Trust in parallel to this Insights report (see Bibby et al, 2018 and Clifford et al, 2018). The objective of this Insights report is to bring together the key findings from both projects and consider the implications of extending PD in England. | ||
| 590 | _aKA NTK | ||
| 650 | 2 | 4 | _aPERMITTED DEVELOPMENT RIGHTS |
| 650 | 2 | 4 | _aTOWN AND COUNTRY PLANNING (GENERAL PERMITTED DEVELOPMENT) (ENGLAND) ORDER 2015 |
| 651 | 4 | _aUnited Kingdom | |
| 690 |
_aPlanning and development _96259 |
||
| 856 | 4 | 0 |
_uhttps://www.rics.org/Global/PDR%20Research%20trust%20reports/22822%20RICS%20Extending%20Permitted%20Development%20Rights%20INSIGHT%20PAPER-WEB%20(without%20notice).pdf _zNo longer available |
| 942 |
_n0 _2ddc |
||
| 999 |
_c116188 _d116188 |
||